| 000 | 00852naa a2200169 i 4500 | ||
|---|---|---|---|
| 001 | 10188 | ||
| 003 | KOSZ 005 | ||
| 005 | 20180417122211.0 | ||
| 008 | 180417s2007 pl |100 0 pol | ||
| 040 |
_aKOSZ 005/HR _cKOSZ 005/HR |
||
| 080 | _a94(438) | ||
| 100 | 1 |
_aPARTACZ, Czesław. _d2007-2012. _bPolitechnika Koszalińska - Instytut Polityki Społecznej i Stosunków Międzynarodowych, _cZakład Europy Środkowej i Wschodniej. |
|
| 245 | 1 | 0 |
_aZałożenia ideologiczne budowy nacjonalistycznego państwa ukraińskiego według OUN / _cCzesław Partacz. |
| 655 | 0 | _aMateriały konferencyjne. | |
| 773 | 0 |
_iW : _tAkcja "Wisła" : przyczyny, przebieg, konsekwencje : materiały konferencji naukowej zorganizowanej 23-24 lutego 2007 r. w Przemyślu. - _dPrzemyśl : Archiwum Państwowe [etc.], 2007. - _gs. 9-31 _z9788388172236 |
|
| 942 |
_2UKD _cROZ |
||
| 999 |
_c10188 _d10188 |
||